00551 2200193 4500001002100000005001700021008004100038035002400079090001600103245008900119260002800208300002400236650003200260850002100292980001400313985000600327986000900333999001500342YOGYA-0209000004257420090227025858.0 ind  0010-020900000042574 a384bLemlT aLPPI daridekatbLembaga Penelitian, Pengembangan dan Industri Pos dan Telekomunikasi aBandungb[LPPI]c[19-?] a29 hlmbilusc22 cm aTelekomunikasi - Penelitian aYOPDYOG [TRM 29] a31-7-2007 a1 aRuni a07A0024648